000 00304nam a22001217a 4500
999 _c165559
_d165559
082 _a
_b
100 _aPashupatinath Upadhyay
245 _aAapathkalothar hindi kavitha/
_cby Pashupatinath Upadhyay.
260 _aMathura:
_bJawahar Pustakalaya,
_c2008.
300 _a221p.
650 _a
942 _cBK